000 01373nam a2200337 c 4500
999 _c137278
_d137278
003 BLK
005 20220228112851.0
008 180409b bul|||||r ||||||| ||bul||
010 _aKNG00143244000
020 _a978-954-337-183-9
040 _aBLK
041 _aBUL
_cBUL
072 7 _2bullib
_aН84
_xБългарска художествена литература Н
072 7 _2bullib
_aК
_xКраезнание
072 7 _2bullib
_aРА
_xРусенски автори
080 _aБългарска литература
_b821.163.2
_x-8
_z821.163.2-8
100 1 _aТрифонов, Трифон Спасов
_eпърви автор
_9296868
139 _aТрифонов, Трифон Спасов
_bТ 84
245 1 0 _aНасаме със себе си през годините
_bВ ритъм и в проза
_cТрифон Спасов Трифонов.
257 _aBGR
260 _bАвангард принт
_c2013
_fРусе : Студио Колор
300 _a59 с.
_c20 см
380 _aX
500 _aЗагл. на кор.: Сам със себе си ...
659 _aН
852 _aЦб 259596
852 _aК 821.163.2/Т 84 Т
856 4 _qpdf
856 4 _qpdf
942 _cKNG
_n0
_s1
944 _aCR
_c29.05.2013
_lф /
_kГеновева_Генчева
944 _aED
_c04.02.2016
_lф /
_kГеновева_Генчева
999 _d137278